000 00318nam a22001457a 4500
008 230418b ||||| |||| 00| 0 eng d
020 _a2900813317761
041 _aeng
080 _a37
082 _a37YAG
100 _a24
101 _aEDU
245 _aLIVING WITH CONTRADICTIONS
_cJAGGAR.M.A
942 _2udc
_cBK
999 _c59579
_d59579